ZDZiT Olsztyn - tramwaj nr 5 - Statystyki

Ogólne statystyki
  • Ten quiz został rozwiązany 38 razy
  • Średni wynik to 11 z 15
Statystyki odpowiedzi
Odpowiedź % Poprawnych
Centrum
94%
Pieczewo
94%
Wysoka Brama
94%
Hala Urania
84%
Stadion Stomil
84%
Carrefour
81%
Gębika
81%
Planetarium
81%
Krasickiego Wilczyńskiego
77%
Murzynowskiego
71%
Piłsudskiego
68%
Pstrowskiego
65%
Żołnierska
65%
Wańkowicza
52%
Boeingka
16%
Nie znaleziono quizów pasujących do podanych kryteriów
Rozkład punktacji
Procent ludzi z każdym wynikiem
Percentyl według liczby udzielonych odpowiedzi
Twoja historia wyników
Nie rozwiązałeś tego quizu